La conformación del hábitat de la vivienda informal desde la técnica constructiva (Registro nro. 73612)

Detalles MARC
000 -ENCABEZADO
Número de control [NR] 01117nam a2200253Ia 4500
008 - DE LONGITUD FIJA DE DATOS DE ELEMENTOS - INFORMACIÓN GENERAL
Elementos de longitud fija [NR] 130821s2006 ck aoe gr spa
020 ## - NUMERO INTERNACIONAL NORMALIZADO PARA LIBROS [R]
Número Internacional Normalizado del libro [NR] 958 701 700 5
040 ## - FUENTE DE CATALOGACION [NR]
Agencia de catalogación original [NR] Co-BoUCM
Idioma de catalogación [NR] spa
041 00 - CODIGO DE IDIOMA [R]
Código de idioma para texto/pista de sonido o título separado [R] Español
100 1# - ASIENTO PRINCIPAL--NOMBRE PERSONAL [NR]
Nombre personal [NR] Hernández Castro, Nieves Lucely
ID Autoridad 168681
245 13 - MENCION DE TITULO [NR]
Título [NR] La conformación del hábitat de la vivienda informal desde la técnica constructiva
Mención de responsabilidad, etc. [NR] Nieves Lucely Hernández Castro
260 ## - PUBLICACION, DISTRIBUCION, ETC. (PIE DE IMPRENTA) [R]
Lugar de publicación, distribución, etc. [R] Bogotá (Colombia)
Nombre del editor, distribuidor, etc. [R] Universidad Nacional de Colombia
Fecha de publicación, distribución, etc. [R] 2006
300 ## - DESCRIPCION FISICA [R]
Extensión [R] 239 páginas
Otros detalles físicos [NR] ilustraciones, gráficas, planos, fotografías
490 #0 - MENCION DE SERIE [R]
Mención de serie [R] Punto aparte
504 ## - NOTA DE BIBLIOGRAFIA, ETC. [R]
Nota de bibliografía, etc. [NR]
650 ## - ASIENTO SECUNDARIO DE MATERIA - TERMINO TEMATICO [R]
Término temático o nombre geográfico como elemento de entrada [NR] Arquitectura
9 (RLIN) 7290
650 ## - ASIENTO SECUNDARIO DE MATERIA - TERMINO TEMATICO [R]
Término temático o nombre geográfico como elemento de entrada [NR] Asentamientos urbanos
Subdivisión geográfica [R] Bogotá (Colombia)
9 (RLIN) 9620
650 ## - ASIENTO SECUNDARIO DE MATERIA - TERMINO TEMATICO [R]
Término temático o nombre geográfico como elemento de entrada [NR] Autoconstrucción
Subdivisión geográfica [R] Bogotá (Colombia)
9 (RLIN) 9769
650 ## - ASIENTO SECUNDARIO DE MATERIA - TERMINO TEMATICO [R]
Término temático o nombre geográfico como elemento de entrada [NR] Construcción de viviendas
Subdivisión geográfica [R] Bogotá (Colombia)
9 (RLIN) 11705
650 ## - ASIENTO SECUNDARIO DE MATERIA - TERMINO TEMATICO [R]
Término temático o nombre geográfico como elemento de entrada [NR] Viviendas de bajo costo
Subdivisión general [R] diseños y construcción
Subdivisión geográfica [R] Bogotá (Colombia)
9 (RLIN) 26349
710 1# - ASIENTO SECUNDARIO - NOMBRE CORPORATIVO [R]
Nombre corporativo o de jurisdicción como elemento de entrada [NR] Universidad Nacional de Colombia.
Unidad subordinada [R] Facultad de Artes
9 (RLIN) 141804
942 ## - ELEMENTOS DE ENTRADA AGREGADOS (KOHA)
Tipo de ítem principal el descrito en 300a Libro
Tema principal Arte
Edición 1
Parte restante de la signatura top. H557c
Sistema de clasificación DEWEY
Clasificación 728.1
Existencias
Fecha de último préstamo Total préstamos Signatura topográfica Código de barras Última vez visto Ejemplar Price effective from Tipo de ítem Perdido Sistema de clasificación Dañado No prestable Tipo de ítem específico Suprimido Ubicación habitual Ubicación actual Localización Fecha de creación Forma de adquisición Costo
08/08/2013 1 728.1 H557c 100113898 06/12/2025 Ej.1 03/02/2013 Libro   DEWEY     Libro   Claustro Claustro 2do piso 28/02/2013 Donación 26000.00